00362nam a2200145Ia 4500003000400000008004100004020002300045040000800068100001400076245004400090250001900134260003600153300001500189365001200204LDD181029s9999 xx 000 0 und d a1402046561cE69.95 cLDD aKogan, M. 0aTransforming higher educationcM. Kogan aSecond Edition aThe NetherlandsbSpringerc2006 axiv, 201p. bE 69.95